000 00643nam a22001937a 4500
005 20221109124811.0
008 161202b1991 mx ||||| |||| 001 0dspa d
020 _a9684327285
050 0 5 _aKGF5880
_bD53 1991
100 1 _aDíaz de León, Marco Antonio
_eautor
245 1 0 _aTratado sobre las pruebas penales
_c/ Marco Antonio Díaz de León ; prólogo de Sergio García Ramírez
250 _a3a ed.
260 _aMéxico :
_bPorrúa,
_cc1991
300 _axxx, 848 p. :
_c23 cm.
504 _aBibliografía : p. 835-839
650 7 _2lemb
_aEvidencias
_zMéxico
700 1 _aGarcía Ramírez, Sergio
_eprologuista
942 _2lcc
_cLIB
999 _c122651
_d122651